Statistiques concernant La filmographie de Chris Hemsworth

Cliquez ici pour prendre le quiz!

Statistiques générales

  • Ce quiz a été pris 33 fois
  • Le résultat moyen est 11 sur 38

Statistiques - réponses

AnnéesFilms / Séries% Correct
2011Thor
100%
2012Avengers
89%
2019Avengers : Endgame
89%
2018Avengers : Infinity War
86%
2015Avengers : L'ère d'Ultron
79%
2017Thor : Ragnarok
79%
2013Thor : le monde des ténèbres
71%
2022Thor : Love and Thunder
64%
2016SOS fantômes
43%
2020Tyler Rake
43%
2016Doctor Strange
29%
2019Men in black : International
29%
2013Rush
29%
2015Au coeur de l'océan
21%
2012La cabane dans les bois
21%
2022Spiderhead
21%
2012Blanche-Neige et le Chasseur
18%
2015Hacker
18%
2022Tyler Rake 2
18%
2009Escapade fatale
14%
2018Horse Soldiers
14%
2016Le chasseur et la reine des glaces
14%
2018Sale temps à l'hôtel El Royale
14%
2015Vive les vacances
14%
2012L'Aube rouge
11%
2009Star Trek
11%
2010Ca$h
7%
2004-2007Summer Bay
7%
2002Grand Galop
4%
2002Guenièvre Jones
4%
2019Jay et Bob contre-attaquent... encore
4%
2021La réalité en face
4%
2002Les Voisins
4%
2002Marshall Law
4%
2013Star Trek into darkness
4%
2021What if... ?
4%
2004Fengus Mc Phall
0%
2011Ollie Klubershturf vs. the Nazis
0%

Distribution des résultats

Percentile par nombre de réponses

% des personnes avec chaque résultat

Votre développement - résultats

Vous n’avez pas pris ce quiz